[Event "XXVII Festival Conca della Presolana A"]
[Site "Bratto - Castione della Presolana ITA"]
[Date "2007.08.29"]
[Round "7"]
[White "Bracaglia, Carlo"]
[Black "Capece, Adolivio"]
[Result "1/2-1/2"]
[WhiteElo "2134"]
[BlackElo "2049"]
[PlyCount "50"]
[EventDate "2007.08.23"]

1. e4 c5 2. Nf3 Nc6 3. Bb5 g6 4. O-O Bg7 5. c3 a6 6. Ba4 b5 7. Bc2 e5 8. a4 Bb7
9. axb5 axb5 10. Rxa8 Bxa8 11. Na3 Qb8 12. d3 d6 13. Be3 Nf6 14. h3 O-O 15. Qc1
Rc8 16. Bh6 Na5 17. Bxg7 Kxg7 18. Nh4 h6 19. f4 b4 20. Nb1 b3 21. Bd1 c4 22.
Qe3 cxd3 23. fxe5 dxe5 24. Qf2 Qd6 25. Nd2 Qc5 1/2-1/2

[Event "XXVII Festival Conca della Presolana A"]
[Site "Bratto - Castione della Presolana ITA"]
[Date "2007.08.29"]
[Round "7"]
[White "Bresciani, Nicola"]
[Black "Griffa, Roberto"]
[Result "1-0"]
[WhiteElo "2278"]
[BlackElo "2121"]
[PlyCount "47"]
[EventDate "2007.08.23"]

1. e4 d5 2. exd5 Qxd5 3. Nf3 Nf6 4. d4 Bg4 5. Be2 e6 6. O-O Nc6 7. h3 Bf5 8. c4
Qd7 9. Nc3 O-O-O 10. Be3 Ne4 11. Qa4 a6 12. c5 Nb8 13. Qa3 f6 14. b4 g5 15. b5
Nxc3 16. Qxc3 axb5 17. Qa5 h5 18. Bxb5 c6 19. Bc4 g4 20. Nh4 Be4 21. Rfe1 gxh3
22. Bf4 Bd5 23. Bxd5 exd5 24. Qa8 1-0

[Event "XXVII Festival Conca della Presolana A"]
[Site "Bratto - Castione della Presolana ITA"]
[Date "2007.08.29"]
[Round "7"]
[White "Brunello, Marina"]
[Black "Pepino, Enrico"]
[Result "0-1"]
[WhiteElo "1947"]
[BlackElo "2153"]
[PlyCount "92"]
[EventDate "2007.08.23"]

1. e4 d6 2. d4 Nf6 3. Nc3 g6 4. f4 Bg7 5. Nf3 O-O 6. Be2 c5 7. O-O cxd4 8. Nxd4
Qb6 9. Be3 Nc6 10. Qd3 Ng4 11. Bxg4 Bxd4 12. Bxd4 Qxd4+ 13. Qxd4 Nxd4 14. Bxc8
Rfxc8 15. Rf2 Rc4 16. Rc1 Rac8 17. Nd5 Kf8 18. c3 Ne6 19. Re1 Nc5 20. Rfe2 e6
21. Nf6 h5 22. Nh7+ Kg7 23. Ng5 a5 24. g3 b5 25. Nf3 Nb7 26. Rd1 R4c6 27. Nd2
Rb6 28. Ree1 Kf8 29. Kf2 Ke7 30. Ke3 Ra6 31. Kf3 b4 32. c4 a4 33. Ke3 Nc5 34.
b3 Rca8 35. Rb1 axb3 36. axb3 Ra2 37. Rec1 R8a3 38. Rd1 Ke8 39. e5 dxe5 40.
fxe5 Ke7 41. Kd4 Ra5 42. h4 Rc2 43. Ne4 Nxe4 44. Kxe4 Re2+ 45. Kd4 Raxe5 46.
Rd3 R2e4# 0-1

[Event "XXVII Festival Conca della Presolana A"]
[Site "Bratto - Castione della Presolana ITA"]
[Date "2007.08.29"]
[Round "7"]
[White "Bruno, Fabio"]
[Black "Epishin, Vladimir V."]
[Result "1/2-1/2"]
[WhiteElo "2443"]
[BlackElo "2587"]
[PlyCount "50"]
[EventDate "2007.08.23"]

1. Nf3 d5 2. d4 Nf6 3. Bg5 Nbd7 4. e3 h6 5. Bh4 e6 6. Nbd2 c5 7. c3 Bd6 8. Bd3
Qc7 9. Bg3 O-O 10. Bxd6 Qxd6 11. O-O Rd8 12. c4 Qe7 13. Qe2 b6 14. cxd5 Nxd5
15. a3 Bb7 16. Ba6 Bxa6 17. Qxa6 cxd4 18. Nxd4 Nc5 19. Qe2 Qf6 20. Rfd1 Rac8
21. Rac1 Nf4 22. exf4 Qxd4 23. b4 Na4 24. Rxc8 Rxc8 25. Qa6 Rc2 1/2-1/2

[Event "XXVII Festival Conca della Presolana A"]
[Site "Bratto - Castione della Presolana ITA"]
[Date "2007.08.29"]
[Round "7"]
[White "Buono, Michele"]
[Black "Canova, Luca"]
[Result "1-0"]
[WhiteElo "2170"]
[BlackElo "2082"]
[PlyCount "120"]
[EventDate "2007.08.23"]

1. e4 e5 2. Bc4 Nf6 3. d4 exd4 4. Nf3 Nc6 5. O-O Nxe4 6. Re1 d5 7. Bxd5 Qxd5 8.
Nc3 Qa5 9. Nxe4 Be6 10. Neg5 O-O-O 11. Nxe6 fxe6 12. Rxe6 Qd5 13. Qe2 Bd6 14.
Bd2 h6 15. a3 g5 16. Qe4 Qxe4 17. Rxe4 Rhe8 18. Rae1 Rxe4 19. Rxe4 Be7 20. h4
gxh4 21. Bxh6 Rd5 22. Bg7 Bd6 23. Bxd4 Nxd4 24. Rxd4 Rxd4 25. Nxd4 Be5 26. c3
Kd7 27. Nf3 Bf4 28. b3 Bc1 29. Nxh4 Bxa3 30. Kf1 Bb2 31. c4 Bf6 32. Nf3 c6 33.
Ke2 b5 34. Kd3 a5 35. Nd2 a4 36. bxa4 bxa4 37. Ne4 Be7 38. Nc3 a3 39. f4 Ke6
40. g4 Kf7 41. Kc2 Bd6 42. Ne2 Bc5 43. Kb3 Bd6 44. Nd4 Bxf4 45. Kxa3 c5 46. Nf3
Ke6 47. Kb3 Kf6 48. Kc3 Bc1 49. Kd3 Ke6 50. Ke4 Bh6 51. Ne1 Kf6 52. Nd3 Bf8 53.
Nf4 Bd6 54. Nh3 Kg6 55. Kd5 Be7 56. Ke5 Bf6+ 57. Kf4 Bc3 58. g5 Bd4 59. Kg4 Bg7
60. Nf4+ Kf7 1-0

[Event "XXVII Festival Conca della Presolana A"]
[Site "Bratto - Castione della Presolana ITA"]
[Date "2007.08.29"]
[Round "7"]
[White "Burmakin, Vladimir"]
[Black "Erturan, Yakup"]
[Result "1-0"]
[WhiteElo "2581"]
[BlackElo "2389"]
[PlyCount "57"]
[EventDate "2007.08.23"]

1. d4 Nf6 2. c4 e6 3. Nf3 b6 4. g3 Ba6 5. b3 Bb4+ 6. Bd2 Bxd2+ 7. Qxd2 c6 8.
Nc3 d5 9. e4 O-O 10. e5 Nfd7 11. Be2 Qe7 12. O-O Bb7 13. cxd5 exd5 14. Nh4 f5
15. exf6 Nxf6 16. Rae1 Qc7 17. Qg5 Na6 18. Nf5 Rae8 19. a3 Qd7 20. Bd3 Kh8 21.
Re5 Nc7 22. Rfe1 Rf7 23. Qe3 Bc8 24. Rxe8+ Ncxe8 25. Qe5 Kg8 26. g4 Kf8 27. g5
Ng8 28. Nh4 Qg4+ 29. Kh1 1-0

[Event "XXVII Festival Conca della Presolana A"]
[Site "Bratto - Castione della Presolana ITA"]
[Date "2007.08.29"]
[Round "7"]
[White "Cardili, Mariano"]
[Black "Chierici, Marianna"]
[Result "0-1"]
[WhiteElo "2094"]
[BlackElo "2004"]
[PlyCount "50"]
[EventDate "2007.08.23"]

1. d4 f5 2. c4 e6 3. g3 Nf6 4. Bg2 d5 5. Nf3 c6 6. O-O Be7 7. Nbd2 O-O 8. b3
Nbd7 9. Bb2 Qe8 10. Ne5 g5 11. Ndf3 Qh5 12. e3 Bd6 13. Nxd7 Bxd7 14. Ne5 Qh6
15. Nxd7 Nxd7 16. f4 Rf7 17. a4 Kh8 18. Ba3 Bc7 19. Rc1 Nf6 20. Bf3 Rg8 21. Kh1
Qg6 22. Qe2 h5 23. Rg1 g4 24. Bg2 h4 25. Rgf1 h3 0-1

[Event "XXVII Festival Conca della Presolana A"]
[Site "Bratto - Castione della Presolana ITA"]
[Date "2007.08.29"]
[Round "7"]
[White "Castrogiovanni, Carlo"]
[Black "Carosso, Andrea"]
[Result "1-0"]
[WhiteElo "2086"]
[BlackElo "2046"]
[PlyCount "67"]
[EventDate "2007.08.23"]

1. Nf3 Nf6 2. d4 d5 3. c4 c6 4. e3 Bf5 5. Bd3 Bxd3 6. Qxd3 e6 7. O-O Nbd7 8.
Nc3 Be7 9. e4 dxe4 10. Nxe4 Nxe4 11. Qxe4 Nf6 12. Qe2 O-O 13. h3 Re8 14. Be3
Qc7 15. Rab1 a5 16. a3 a4 17. Rfd1 Rab8 18. Rbc1 Qa5 19. Ne5 Qa6 20. Re1 Rbc8
21. g4 h6 22. Qf3 Rcd8 23. h4 Rf8 24. g5 hxg5 25. hxg5 Nh7 26. Qg4 g6 27. Kg2
Kg7 28. Qh4 Nxg5 29. Bxg5 Bxg5 30. Qxg5 Rxd4 31. Rh1 Rfd8 32. Rh7+ Kxh7 33. Qf6
Rd1 34. Qxf7+ 1-0

[Event "XXVII Festival Conca della Presolana A"]
[Site "Bratto - Castione della Presolana ITA"]
[Date "2007.08.29"]
[Round "7"]
[White "Cugini, Verter"]
[Black "Melotti, Dario"]
[Result "1/2-1/2"]
[WhiteElo "2199"]
[BlackElo "2067"]
[PlyCount "79"]
[EventDate "2007.08.23"]

1. e4 e6 2. d4 d5 3. Nd2 Be7 4. Bd3 c5 5. exd5 exd5 6. dxc5 Nf6 7. Ngf3 O-O 8.
O-O a5 9. Nb3 Na6 10. c3 a4 11. Nbd4 Nxc5 12. Bg5 Nfe4 13. Bxe7 Qxe7 14. Bc2 a3
15. Qc1 axb2 16. Qxb2 Na4 17. Qb4 Nac5 18. c4 Be6 19. a4 Rac8 20. Nxe6 fxe6 21.
Bxe4 dxe4 22. Nd4 Qh4 23. Nc2 Rf5 24. Ne3 Rh5 25. h3 Rf8 26. Qb6 Rf3 27. Rfd1
Rxh3 28. Rd8+ Kf7 29. Qc7+ Kg6 30. gxh3 Qxh3 31. Qg3+ Rg5 32. Qxg5+ Kxg5 33.
Rf8 Nd3 34. Rb1 Kg6 35. Rxb7 Ne1 36. a5 Nf3+ 37. Rxf3 exf3 38. a6 Qh5 39. a7
Qg5+ 40. Kh2 1/2-1/2

[Event "XXVII Festival Conca della Presolana A"]
[Site "Bratto - Castione della Presolana ITA"]
[Date "2007.08.29"]
[Round "7"]
[White "D'Apa, Matteo"]
[Black "Danieli, Enrico"]
[Result "1-0"]
[WhiteElo "2055"]
[BlackElo "2117"]
[PlyCount "83"]
[EventDate "2007.08.23"]

1. d4 d5 2. c4 e6 3. Nf3 Nf6 4. Nc3 Be7 5. Bg5 O-O 6. e3 h6 7. Bh4 Ne4 8. Bxe7
Qxe7 9. Bd3 Nxc3 10. bxc3 dxc4 11. Bxc4 Nd7 12. O-O b6 13. e4 Bb7 14. e5 Rfd8
15. Qe2 c5 16. Bb3 Rac8 17. Rfd1 Nb8 18. Rac1 cxd4 19. Rxd4 Rxd4 20. Nxd4 Bxg2
21. Qg4 Bb7 22. Nxe6 g6 23. Nf4 Kg7 24. e6 Rc5 25. exf7 Rg5 26. Ne6+ Qxe6 27.
Bxe6 Rxg4+ 28. Bxg4 Kxf7 29. Rd1 Ke7 30. h4 Bc6 31. h5 gxh5 32. Bxh5 Nd7 33.
Re1+ Kf6 34. Be8 Nb8 35. Bxc6 Nxc6 36. Kg2 Ne7 37. Kf3 Nd5 38. Rc1 Kf5 39. c4
Nb4 40. c5 bxc5 41. Rxc5+ Kg6 42. Ra5 1-0

[Event "XXVII Festival Conca della Presolana A"]
[Site "Bratto - Castione della Presolana ITA"]
[Date "2007.08.29"]
[Round "7"]
[White "David, Alberto"]
[Black "Isonzo, David"]
[Result "1-0"]
[WhiteElo "2529"]
[BlackElo "2356"]
[PlyCount "43"]
[EventDate "2007.08.23"]

1. e4 e5 2. Nf3 Nf6 3. d4 Nxe4 4. Bd3 d5 5. Nxe5 Nd7 6. O-O Nxe5 7. dxe5 Nc5 8.
Nc3 c6 9. Qf3 Qh4 10. Nxd5 cxd5 11. Bb5+ Bd7 12. Bxd7+ Nxd7 13. Qxd5 Nc5 14. f4
Qd8 15. Qf3 Qd4+ 16. Qe3 Qe4 17. Qh3 Be7 18. b4 Qxb4 19. f5 O-O 20. f6 gxf6 21.
exf6 Bd6 22. Rf4 1-0

[Event "XXVII Festival Conca della Presolana A"]
[Site "Bratto - Castione della Presolana ITA"]
[Date "2007.08.29"]
[Round "7"]
[White "De Santis, Alessio"]
[Black "Hoffmann, Michael"]
[Result "1-0"]
[WhiteElo "2345"]
[BlackElo "2481"]
[PlyCount "47"]
[EventDate "2007.08.23"]

1. d4 d5 2. c4 c6 3. Nc3 e6 4. e4 dxe4 5. Nxe4 Bb4+ 6. Bd2 Qxd4 7. Bxb4 Qxe4+
8. Be2 Na6 9. Ba5 b6 10. Qd6 bxa5 11. Rd1 f6 12. f3 Qe3 13. Qxc6+ Kf7 14. Qxa8
Ne7 15. Qe4 Qb6 16. Qd4 Qb4+ 17. Rd2 Nf5 18. Qxa7+ Ne7 19. a3 Qb3 20. Nh3 e5
21. Nf2 Bb7 22. Bd1 Qxc4 23. Qxb7 Nc5 24. Qa7 1-0

[Event "XXVII Festival Conca della Presolana A"]
[Site "Bratto - Castione della Presolana ITA"]
[Date "2007.08.29"]
[Round "7"]
[White "Dervishi, Erald"]
[Black "Lanzani, Mario"]
[Result "1/2-1/2"]
[WhiteElo "2553"]
[BlackElo "2336"]
[PlyCount "106"]
[EventDate "2007.08.23"]

1. e4 e5 2. Nf3 Nc6 3. Bb5 f5 4. Nc3 fxe4 5. Nxe4 Nf6 6. Qe2 d5 7. Nxf6+ gxf6
8. d4 Bg7 9. dxe5 O-O 10. e6 Ne5 11. Bf4 c6 12. Bd3 Nxd3+ 13. Qxd3 Bxe6 14. O-O
Qd7 15. Rfe1 Rfe8 16. h3 Bf5 17. Qd2 Rxe1+ 18. Rxe1 Re8 19. Nd4 Rxe1+ 20. Qxe1
Bg6 21. Qa5 b6 22. Qa6 c5 23. Nb5 Qf5 24. Bg3 h5 25. Nxa7 Qxc2 26. Qxb6 d4 27.
Nc6 Kh7 28. Ne7 Bf7 29. Qc6 Bxa2 30. Qe8 Qc1+ 31. Kh2 Qh6 32. Qc8 Bf8 33. Qxc5
Bb1 34. b4 Qg5 35. Qc7 Qg7 36. Nd5 Qxc7 37. Bxc7 Ba2 38. Nxf6+ Kg6 39. Nd7 Bxb4
40. Ne5+ Kf5 41. Kg3 Be7 42. f3 Bg5 43. Nd3 Bc4 44. Nb2 Bb5 45. Kf2 h4 46. Ba5
Be3+ 47. Ke1 Bf4 48. Nd1 Bg3+ 49. Nf2 Ke6 50. Bb6 Kd5 51. Bd8 Ba6 52. Bb6 Bb5
53. Bd8 Ba6 1/2-1/2

[Event "XXVII Festival Conca della Presolana A"]
[Site "Bratto - Castione della Presolana ITA"]
[Date "2007.08.29"]
[Round "7"]
[White "Di Lascio, Savino"]
[Black "Fontana, Enrico"]
[Result "1-0"]
[WhiteElo "2014"]
[BlackElo "2128"]
[PlyCount "69"]
[EventDate "2007.08.23"]

1. Nf3 b6 2. g3 Bb7 3. Bg2 g6 4. d3 Bg7 5. O-O d6 6. e4 Nd7 7. c3 e6 8. Qe2 Ne7
9. h3 h6 10. Nh2 c5 11. Nd2 Qc7 12. f4 O-O-O 13. a4 a6 14. Ra3 Rde8 15. b4 f5
16. Nhf3 e5 17. fxe5 Nxe5 18. bxc5 dxc5 19. Nxe5 Bxe5 20. Nc4 Bxg3 21. Rb3 Nc6
22. Nxb6+ Kb8 23. Nd5 Qd6 24. Qb2 Rh7 25. Bxh6 c4 26. Rb6 Ka8 27. Be3 cxd3 28.
Rxa6+ Kb8 29. Rb1 Rf8 30. Qb5 Kc8 31. Bc5 Bh2+ 32. Kh1 Qg3 33. Rxc6+ Bxc6 34.
Qxc6+ Rc7 35. Ne7+ 1-0

[Event "XXVII Festival Conca della Presolana A"]
[Site "Bratto - Castione della Presolana ITA"]
[Date "2007.08.29"]
[Round "7"]
[White "Drabke, Lorenz Maximilian"]
[Black "Godena, Michele"]
[Result "0-1"]
[WhiteElo "2416"]
[BlackElo "2547"]
[PlyCount "88"]
[EventDate "2007.08.23"]

1. e4 e5 2. Nf3 Nc6 3. Nc3 Nf6 4. d4 exd4 5. Nxd4 Bb4 6. Nxc6 bxc6 7. Bd3 d5 8.
exd5 cxd5 9. O-O O-O 10. Bg5 c6 11. Na4 h6 12. Bh4 Re8 13. c4 g5 14. Bg3 Ne4
15. Qc2 Qf6 16. a3 Bf8 17. Rfe1 Bf5 18. Bc7 Qd4 19. Red1 Bg4 20. Rf1 Bg7 21.
Ba5 Rab8 22. Rab1 Bf5 23. Rbd1 dxc4 24. Qxc4 Qxc4 25. Bxc4 Bxb2 26. g4 Be6 27.
Bd3 Bd5 28. Nxb2 Rxb2 29. Rfe1 Rbb8 30. Bb4 Nf6 31. h3 Bf3 32. Rc1 Nd5 33.
Rxe8+ Rxe8 34. Bc5 Nf4 35. Bf1 a5 36. Rc3 Be2 37. Bg2 Bxg4 38. Re3 Rxe3 39.
fxe3 Nxg2 40. Kxg2 Be6 41. a4 Bb3 42. Bb6 Bxa4 43. Bxa5 c5 44. h4 f6 0-1

[Event "XXVII Festival Conca della Presolana A"]
[Site "Bratto - Castione della Presolana ITA"]
[Date "2007.08.29"]
[Round "7"]
[White "Dvirnyy, Danyyil"]
[Black "Parodi, Alessandro"]
[Result "1-0"]
[WhiteElo "2365"]
[BlackElo "1961"]
[PlyCount "83"]
[EventDate "2007.08.23"]

1. Nf3 Nf6 2. c4 g6 3. g3 Bg7 4. Bg2 O-O 5. O-O d6 6. Nc3 Nbd7 7. d4 e5 8. h3
exd4 9. Nxd4 Nb6 10. b3 c5 11. Nc2 d5 12. cxd5 Nfxd5 13. Nxd5 Bxa1 14. Nxa1
Nxd5 15. Qxd5 Qxd5 16. Bxd5 Bxh3 17. Rd1 Rad8 18. Bg5 Rd7 19. Nc2 Kg7 20. e4
Be6 21. Bd2 Rfd8 22. Bc3+ f6 23. Ne3 Bxd5 24. exd5 Rd6 25. Kg2 Ra6 26. Rd2 b5
27. Rc2 Rc8 28. Bb4 c4 29. bxc4 bxc4 30. Kf3 Ra4 31. Bc3 Kf7 32. Ke4 Ke7 33.
Rb2 Kd6 34. Kd4 h5 35. Nd1 a5 36. Ne3 Rc7 37. f3 Ke7 38. f4 Kd6 39. Rb6+ Kd7
40. Rxf6 Rxa2 41. Rxg6 a4 42. Nxc4 1-0

[Event "XXVII Festival Conca della Presolana A"]
[Site "Bratto - Castione della Presolana ITA"]
[Date "2007.08.29"]
[Round "7"]
[White "Esen, Baris"]
[Black "Vancini, Edoardo"]
[Result "1-0"]
[WhiteElo "2441"]
[BlackElo "2308"]
[PlyCount "53"]
[EventDate "2007.08.23"]

1. d4 f5 2. Nf3 e6 3. c4 Nf6 4. a3 b6 5. g3 c6 6. Bg2 d5 7. Ne5 Bd6 8. Nc3 Nfd7
9. cxd5 exd5 10. Nxd5 Nxe5 11. dxe5 Bxe5 12. Bf4 Bxf4 13. Nxf4 O-O 14. O-O Qf6
15. b4 a6 16. Nd5 Qd8 17. Ne3 Qc7 18. Rc1 Be6 19. Nd5 Bxd5 20. Qxd5+ Kh8 21.
Rfd1 Ra7 22. Qd4 a5 23. b5 c5 24. Qd6 Nd7 25. Qe7 Rb8 26. Rd5 g6 27. Rxd7 1-0

[Event "XXVII Festival Conca della Presolana A"]
[Site "Bratto - Castione della Presolana ITA"]
[Date "2007.08.29"]
[Round "7"]
[White "Esplugas Esteve, Vicenc"]
[Black "Scalcione, Michelangelo"]
[Result "0-1"]
[WhiteElo "2012"]
[BlackElo "2288"]
[PlyCount "64"]
[EventDate "2007.08.23"]

1. d4 d6 2. c4 e5 3. d5 g6 4. Nc3 a5 5. e4 Bh6 6. Nge2 Bxc1 7. Qxc1 Na6 8. Ng3
Qh4 9. Be2 f5 10. exf5 gxf5 11. Bh5+ Ke7 12. Be2 Nf6 13. Qc2 Qg5 14. h4 Qf4 15.
Qd2 Qxd2+ 16. Kxd2 Rg8 17. Rhg1 Ng4 18. f3 Nf6 19. Nh1 Bd7 20. Rad1 Rg7 21. Nf2
Rag8 22. Bf1 Nc5 23. Kc2 f4 24. b3 Nh5 25. Nce4 Bf5 26. Kb2 Nxe4 27. fxe4 Bd7
28. c5 dxc5 29. Nd3 Kd6 30. Rc1 b6 31. Rc2 Ng3 32. Nf2 Nxf1 0-1

[Event "XXVII Festival Conca della Presolana A"]
[Site "Bratto - Castione della Presolana ITA"]
[Date "2007.08.29"]
[Round "7"]
[White "Gallucci, Alessio"]
[Black "Guido, Flavio"]
[Result "0-1"]
[WhiteElo "2006"]
[BlackElo "2331"]
[PlyCount "62"]
[EventDate "2007.08.23"]

1. e4 c5 2. Nf3 e6 3. d4 cxd4 4. Nxd4 Nf6 5. Nc3 d6 6. Be3 a6 7. f3 b5 8. g4
Nfd7 9. Qd2 Nb6 10. Bd3 N8d7 11. O-O-O Bb7 12. h4 Rc8 13. g5 Ne5 14. h5 Qc7 15.
g6 b4 16. gxf7+ Kxf7 17. Nce2 Nbc4 18. Bxc4 Nxc4 19. Qd3 Nxe3 20. Qxe3 Be7 21.
Qb3 Qc4 22. Rhg1 Qxb3 23. axb3 Rhg8 24. Kd2 Rc5 25. Rh1 Rgc8 26. c3 Bg5+ 27. f4
bxc3+ 28. bxc3 Bh6 29. Kd3 a5 30. f5 exf5 31. Rdf1 Bxe4# 0-1

[Event "XXVII Festival Conca della Presolana A"]
[Site "Bratto - Castione della Presolana ITA"]
[Date "2007.08.29"]
[Round "7"]
[White "Gasperoni, Stefano"]
[Black "Castelfranchi, Carlo"]
[Result "1/2-1/2"]
[WhiteElo "2024"]
[BlackElo "2114"]
[PlyCount "47"]
[EventDate "2007.08.23"]

1. e4 Nf6 2. e5 Nd5 3. c4 Nb6 4. d4 d6 5. exd6 exd6 6. Nc3 Be7 7. h3 Nc6 8. Nf3
Bf5 9. a3 O-O 10. Be2 d5 11. c5 Nc4 12. O-O Bf6 13. b3 N4a5 14. Be3 Be4 15. Rc1
Bxf3 16. Bxf3 Ne7 17. b4 Nac6 18. b5 Na5 19. Qc2 c6 20. a4 g6 21. g4 Bg7 22.
Ne2 Nc4 23. Nf4 a6 24. b6 1/2-1/2

[Event "XXVII Festival Conca della Presolana A"]
[Site "Bratto - Castione della Presolana ITA"]
[Date "2007.08.29"]
[Round "7"]
[White "Jaracz, Pawel"]
[Black "Spassov, Liuben D."]
[Result "1/2-1/2"]
[WhiteElo "2495"]
[BlackElo "2383"]
[PlyCount "57"]
[EventDate "2007.08.23"]

1. e4 c6 2. d4 d5 3. Nc3 dxe4 4. Nxe4 Bf5 5. Ng3 Bg6 6. h4 h6 7. Nf3 Nd7 8. h5
Bh7 9. Bd3 Bxd3 10. Qxd3 e6 11. Bf4 Qa5+ 12. Bd2 Bb4 13. c3 Be7 14. c4 Qc7 15.
O-O-O Ngf6 16. Rde1 Rd8 17. Qc2 O-O 18. Nf5 Bd6 19. Nxd6 Qxd6 20. Kb1 c5 21.
Bc3 a6 22. Rd1 Qc6 23. dxc5 Qxc5 24. Rh4 e5 25. a3 Rfe8 26. Bb4 Qc6 27. Rd6 Qc7
28. Rd1 Nb8 29. Rhh1 1/2-1/2

[Event "XXVII Festival Conca della Presolana A"]
[Site "Bratto - Castione della Presolana ITA"]
[Date "2007.08.29"]
[Round "7"]
[White "Kilpatrick, Callum"]
[Black "Fierro Baquero, Martha Lorena"]
[Result "1/2-1/2"]
[WhiteElo "2120"]
[BlackElo "2344"]
[PlyCount "122"]
[EventDate "2007.08.23"]

1. e4 c5 2. Nf3 Nc6 3. Bb5 g6 4. Bxc6 dxc6 5. d3 Bg7 6. Nc3 Nf6 7. h3 O-O 8.
Be3 b6 9. O-O e5 10. Nd2 Nh5 11. Qf3 Qh4 12. g4 Nf4 13. Kh2 h5 14. Qg3 Qe7 15.
Nf3 Qe6 16. Bxf4 exf4 17. Qxf4 hxg4 18. hxg4 Qxg4 19. Qxg4 Bxg4 20. Kg3 f5 21.
Ng5 Rae8 22. Rae1 Bf6 23. f4 Kg7 24. Rh1 Rh8 25. Nf3 Kf7 26. e5 Bxf3 27. Kxf3
Bh4 28. Re2 g5 29. Reh2 Rhg8 30. fxg5 Bxg5 31. Rh7+ Kg6 32. Rxa7 Rxe5 33. Rc7
Re3+ 34. Kf2 Re6 35. Rch7 Kf6 36. Re1 Rge8 37. Rxe6+ Rxe6 38. a4 Be3+ 39. Kf3
Bd4 40. Rh6+ Ke5 41. Rxe6+ Kxe6 42. Nd1 Be5 43. c3 Bc7 44. Ne3 b5 45. b3 Ba5
46. Kf4 Bc7+ 47. Kf3 Ke5 48. Nc2 Bb6 49. axb5 cxb5 50. Na3 Ba5 51. Nxb5 Bxc3
52. Nxc3 Kd4 53. Na4 Kxd3 54. Nxc5+ Kc3 55. Ke3 f4+ 56. Kxf4 Kb4 57. Ke3 Kxc5
58. Kd3 Kb4 59. Kc2 Kb5 60. Kc3 Kc5 61. b4+ Kb5 1/2-1/2

[Event "XXVII Festival Conca della Presolana A"]
[Site "Bratto - Castione della Presolana ITA"]
[Date "2007.08.29"]
[Round "7"]
[White "Madiai, Federico"]
[Black "Djabri, Zafer M."]
[Result "1-0"]
[WhiteElo "2044"]
[BlackElo "2091"]
[PlyCount "59"]
[EventDate "2007.08.23"]

1. Nf3 d5 2. d4 Nf6 3. c4 dxc4 4. e3 Bg4 5. Bxc4 e6 6. Qb3 Bxf3 7. gxf3 Nbd7 8.
Nc3 c5 9. d5 exd5 10. Nxd5 Bd6 11. Bd2 O-O 12. O-O-O b5 13. Qxb5 Rb8 14. Qa5
Be5 15. Qxd8 Rbxd8 16. Ne7+ Kh8 17. Nc6 Rc8 18. Nxe5 Nxe5 19. Be2 Rfe8 20. Bc3
Re7 21. Rd2 Rce8 22. Rhd1 h6 23. Rd8 Kh7 24. Rxe8 Rxe8 25. Rd6 Re7 26. a4 Kg6
27. a5 Kh7 28. a6 c4 29. Kc2 Ned7 30. Bd4 1-0

[Event "XXVII Festival Conca della Presolana A"]
[Site "Bratto - Castione della Presolana ITA"]
[Date "2007.08.29"]
[Round "7"]
[White "Martinez, Rolly"]
[Black "Tiviakov, Sergei"]
[Result "1-0"]
[WhiteElo "2428"]
[BlackElo "2648"]
[PlyCount "133"]
[EventDate "2007.08.23"]

1. e4 c5 2. Nf3 Nc6 3. d4 cxd4 4. Nxd4 g6 5. Nc3 Bg7 6. Be3 Nf6 7. Nxc6 bxc6 8.
e5 Ng8 9. Bd4 f6 10. f4 Qa5 11. Qe2 fxe5 12. Bxe5 Nf6 13. O-O-O O-O 14. Bd4 e6
15. a3 Nh5 16. g3 Bxd4 17. Rxd4 d5 18. Bh3 Ng7 19. Qe5 Rf7 20. Qd6 Qc7 21. Qxc7
Rxc7 22. Rd2 Rb8 23. Re1 c5 24. Nd1 Rb6 25. Nf2 a5 26. Ng4 Ne8 27. Nf2 Kf7 28.
Rde2 c4 29. c3 Re7 30. Ng4 Nd6 31. Ne5+ Kg7 32. Nf3 Nb7 33. Rd1 Rc7 34. Rdd2
Nc5 35. Kb1 Bd7 36. Bg2 Ne4 37. Rc2 Ba4 38. Rc1 Nc5 39. Nd4 Rcb7 40. Ka2 g5 41.
f5 e5 42. Ne6+ Nxe6 43. fxe6 e4 44. Bh3 h5 45. Bf5 g4 46. h3 Kf6 47. Rf1 Kg5
48. Kb1 Rb8 49. Kc1 Rf8 50. h4+ Kh6 51. Rf4 Re8 52. Rd2 Rb5 53. Rdf2 Re7 54.
Re2 Reb7 55. Rd2 e3 56. Re2 Rxb2 57. Rxe3 Rg2 58. Rf1 Rb3 59. e7 Be8 60. Bc2
Rxa3 61. Rf8 Ba4 62. Re6+ Kg7 63. Rg6+ Kh7 64. Rf7+ Kh8 65. Rh6+ Kg8 66. Rf8+
Kg7 67. Rh7# 1-0

[Event "XXVII Festival Conca della Presolana A"]
[Site "Bratto - Castione della Presolana ITA"]
[Date "2007.08.29"]
[Round "7"]
[White "Miatello, Alberto"]
[Black "Bonazzi, Edoardo"]
[Result "0-1"]
[WhiteElo "2062"]
[BlackElo "2185"]
[PlyCount "74"]
[EventDate "2007.08.23"]

1. e4 c5 2. Nf3 Nc6 3. d4 cxd4 4. c3 dxc3 5. Nxc3 d6 6. Bc4 e6 7. Qe2 a6 8. O-O
b5 9. Bb3 Ra7 10. Bf4 Be7 11. Rfd1 Rd7 12. Rac1 Bb7 13. Bg3 h6 14. Nd4 Nxd4 15.
Rxd4 Nf6 16. Rcd1 O-O 17. a3 Bc6 18. Bc2 Qc7 19. e5 dxe5 20. Bxe5 Qb7 21. Bxf6
Bxf6 22. Qd3 Rfd8 23. Qh7+ Kf8 24. Rxd7 Rxd7 25. Re1 Bxc3 26. bxc3 Rd5 27. Be4
Re5 28. Qh8+ Ke7 29. Rd1 Bd5 30. f3 Qb6+ 31. Kh1 Kf6 32. Rd4 Bxe4 33. fxe4 Qc7
34. h3 Rc5 35. Rd1 Rxc3 36. Rf1+ Kg6 37. Qa8 Rc1 0-1

[Event "XXVII Festival Conca della Presolana A"]
[Site "Bratto - Castione della Presolana ITA"]
[Date "2007.08.29"]
[Round "7"]
[White "Pagnoncelli, Marco"]
[Black "Ricci, Alfredo"]
[Result "1-0"]
[WhiteElo "2129"]
[BlackElo "2038"]
[PlyCount "77"]
[EventDate "2007.08.23"]

1. e4 c5 2. Nf3 e6 3. Nc3 a6 4. Be2 d6 5. d4 cxd4 6. Nxd4 Nf6 7. a4 Be7 8. Be3
O-O 9. a5 d5 10. e5 Nfd7 11. f4 Nc6 12. Nb3 Bb4 13. O-O Nxa5 14. Nxa5 Bxa5 15.
Rxa5 Qxa5 16. Qd4 Qc7 17. Bd3 b6 18. Qb4 Nc5 19. f5 Qxe5 20. Bf4 a5 21. Qxb6
Qd4+ 22. Kh1 e5 23. Bxe5 Qxe5 24. Qxc5 Ba6 25. Bxa6 Rxa6 26. Nxd5 Re8 27. f6
Kh8 28. fxg7+ Kxg7 29. Qc4 Rg6 30. Nc7 Re7 31. Nd5 Qe2 32. Qc3+ f6 33. Rg1 Re4
34. Qc7+ Kh6 35. Nf4 Rc4 36. Qd6 Qxc2 37. Nxg6 Kxg6 38. Rf1 Qxb2 39. Qd3+ 1-0

[Event "XXVII Festival Conca della Presolana A"]
[Site "Bratto - Castione della Presolana ITA"]
[Date "2007.08.29"]
[Round "7"]
[White "Piemonti, Carlo"]
[Black "Bellia, Fabrizio"]
[Result "0-1"]
[WhiteElo "2029"]
[BlackElo "2405"]
[PlyCount "94"]
[EventDate "2007.08.23"]

1. e4 e5 2. Nf3 Nc6 3. Bb5 a6 4. Ba4 Nf6 5. O-O b5 6. Bb3 Bc5 7. c3 d6 8. d4
Bb6 9. dxe5 Nxe5 10. Nxe5 dxe5 11. Qxd8+ Kxd8 12. Bg5 Ke7 13. Nd2 h6 14. Bxf6+
Kxf6 15. Nf3 Bb7 16. Bc2 Rad8 17. Rfd1 c5 18. b3 Ba5 19. c4 bxc4 20. bxc4 Bc6
21. Rxd8 Rxd8 22. Rb1 g5 23. h3 h5 24. g4 hxg4 25. hxg4 Bd7 26. Rd1 Bxg4 27.
Rxd8 Bxd8 28. Kg2 Ba5 29. Kg3 Be6 30. Bd3 Bc3 31. Nh2 Kg6 32. Kf3 Bd2 33. Ng4
Bf4 34. Ne3 Bxe3 35. Kxe3 Kh5 36. f3 Kh4 37. Be2 Kg3 38. Bd3 Kg2 39. Be2 Kg1
40. Bd3 Bh3 41. Bc2 Kf1 42. Ba4 Ke1 43. a3 Bf1 44. Bb3 Be2 45. Ba2 f6 46. Bb3
Bd1 47. Ba2 Bc2 0-1